000 00447cam a2200157 4500
008 120208n 000 0 eng u
020 _a9781852248024
035 _a(Sirsi) a175453
050 _aPN 1022 ALV 2008
100 _aAlvi, Moniza
245 _aSplit world poems 1990-2005 /
_cby Moniza Alvi
260 _aNorthumberland :
_bBloodaxe Books,
_c2008.
300 _a304p.
504 _aIncludes an index.
650 _aPoetry --Literature
999 _c116711
_d116711